000 01164nam a2200313 a 4500
001 000014990
005 20200929163932.0
008 100128s2008 dr 001 0 spa d
020 _a9993422681
040 _aDO-SdBNP
_bspa
_cBNPHU
082 _a320.97295
_bR457p, 2008
100 1 _aReyes Cerda, Nelson,
_b1943-
_99301
245 1 0 _aPuerto Rico :
_bsoberano, libre e independiente /
_cNelson Reyes Cerda.
250 _a2ª ed.
260 _aSanto Domingo :
_bEl Nuevo Diario,
_c2008.
300 _a241 p. ;
_c21 cm.
490 1 _aEstudios de Derecho Constitucional
500 _aIncluye datos biográficos del autor en la contracubierta.
504 _aBibliografía : p. 239-240
590 _aInventariado, 2018/LP
650 4 _aNacionalismo
_zPuerto Rico
_933246
650 4 _aEstado libre asociado de puerto rico
_933931
651 4 _aPuerto Rico
_xHistoria
_91079
651 4 _aPuerto Rico
_xPolítica Y Gobierno
_912599
651 4 _aPuerto Rico
_xHistoria Constitucional
_929729
710 2 _aFundación Educación Constitucional (FECON)
_933932
830 0 _aEstudios de Derecho Constitucional
_99304
910 _aValidado. Control de calidad EMS.
999 _c14563
_d14563